书目信息 |
| 题名: |
养生太极扇入门详解
|
|
| 作者: | 刘海飙 , 吴大才 主编 | |
| 分册: | ||
| 出版信息: | 北京 化学工业出版社 2014.04 |
|
| 页数: | 169页 | |
| 开本: | 21cm | |
| 丛书名: | 零成本健身计划 | |
| 单 册: | ||
| 中图分类: | G852.29 | |
| 科图分类: | ||
| 主题词: | 器械术(武术)--基本知识 , 器械术(武术) | |
| 电子资源: | ||
| ISBN: | 978-7-122-19079-6 | |
| 000 | 01132oam2 2200301 450 | |
| 001 | 0120141223521 | |
| 005 | 20180917155639.53 | |
| 010 | @a978-7-122-19079-6@dCNY20.00(含光盘) | |
| 100 | @a20140418d2014 em y0chiy0110 ea | |
| 101 | 0 | @achi |
| 102 | @aCN@b110000 | |
| 105 | @aa z 000yy | |
| 106 | @ar | |
| 200 | 1 | @a养生太极扇入门详解@9yang sheng tai ji shan ru men xiang jie@f刘海飙,吴大才主编 |
| 210 | @a北京@c化学工业出版社@d2014.04 | |
| 215 | @a169页@c图@d21cm@e1光盘 | |
| 225 | 2 | @a零成本健身计划 |
| 307 | @a附光盘:ISBN 978-7-89472-806-7 | |
| 330 | @a本书从当下人们在初学太极扇时的心理和生理特点出发,将作者多年从事太极基础教学过程中总结出的一整套系统热身、重点基本功练习、规范学习和简便易行的方法进行汇总,帮助热爱太极、崇尚运动养生的人们通过正确的方法、有效的引导自学自练,圆自己的太极梦。 | |
| 333 | @a养生及太极扇爱好者 | |
| 461 | 0 | @12001 @a零成本健身计划 |
| 606 | 0 | @a器械术(武术)@x基本知识 |
| 606 | 0 | @a器械术(武术) |
| 690 | @aG852.29@v5 | |
| 701 | 0 | @a刘海飙@9liu hai biao@4主编 |
| 701 | 0 | @a吴大才@9wu da cai@4主编 |
| 801 | 0 | @aCN@b人天书店@c20140418 |
| 905 | @b1092926-30@dG852.29@e457@f5 | |
| 养生太极扇入门详解/刘海飙,吴大才主编.-北京:化学工业出版社,2014.04 |
| 169页:图;21cm+1光盘.-(零成本健身计划) |
| 使用对象:养生及太极扇爱好者 |
| ISBN 978-7-122-19079-6:CNY20.00(含光盘) |
| 本书从当下人们在初学太极扇时的心理和生理特点出发,将作者多年从事太极基础教学过程中总结出的一整套系统热身、重点基本功练习、规范学习和简便易行的方法进行汇总,帮助热爱太极、崇尚运动养生的人们通过正确的方法、有效的引导自学自练,圆自己的太极梦。 |
| ● |
| 相关链接 |
|
|
|
|
正题名:养生太极扇入门详解
索取号:G852.29/457
 
预约/预借
| 序号 | 登录号 | 条形码 | 馆藏地/架位号 | 状态 | 备注 |
| 1 | 1092926 | 210929263 | 第一样本阅览室/ [索取号:G852.29/457] | 在馆 | |
| 2 | 1092927 | 210929272 | 教育系资料室/ [索取号:G852.29/457] | 在馆 | |
| 3 | 1092928 | 210929281 | 教育系资料室/ [索取号:G852.29/457] | 在馆 | |
| 4 | 1092929 | 210929290 | 第四借阅区/ [索取号:G852.29/457] | 在馆 | |
| 5 | 1092930 | 210929307 | 第四借阅区/ [索取号:G852.29/457] | 在馆 |